000 00604nam a2200229Ia 4500
003 OSt
005 20220926040103.0
006 a|||||r|||| 00| 0
007 ta
008 220923b |||||||| |||| 00| 0 eng d
037 _cGeneral Book
040 _aRTL
_cRTL
_beng
041 _2eng
_aeng
082 _aX.231.N4t4, H3
100 _aBhagat N G
_9343133
245 0 _aFarmer his welfare and wealth
260 _c1943
490 _aStudies in Agricultural Economics,1
650 _aBombay
_9342526
942 _hX.231.N4t4, H3
_cGB
_2CC
999 _c663819
_d663819